000 01169nam a22003257a 4500
001 BR7503501
003 BR-BrBNA
005 20230928084814.0
007 ta
008 230509b bl.||||| |||| 00| 0 por d
040 _aBR-BrBNA
_bpor
_cBiblioteca Nacional de Agricultura
041 _a(Por)
072 _aF00
_b0170
_b3600
_b/G514
090 _ 0170 BR7503501
100 1 _aBarbosa, L.
110 1 _aUniversidade Federal do Ceara, Fortaleza (Brasil). Centro de Ciencias Agrarias. Depto. de Fitotecnia
_0Tese (Mestre em Fitotecnia)
245 1 _aEfeitos de reguladores do crescimento na germinacao de sementes de Sorghum bicolor (L.)Moench semeadas em solucoes salinas [sorgo, Ceara, Brasil]
260 3 _aFortaleza, CE (Brasil):
_c1975.
300 _a49 p.
500 _aSummary (Por); 15 tables; 6 illus.; 28 ref. (*) Documento disponível na(o) Universidade Federal do Ceara, Fortaleza (Brazil)
650 _aSORGO GRANIFERO
650 _aSEMENTE
650 _aREGULADOR DE CRESCIMENTO
650 _aGERMINACAO
650 _aSALINIZACAO
650 _aACIDO GIBERELICO
650 _aCEARA
909 _a202309
_bLucia
_c55
_dLucia Elande
942 _cBK
999 _c21198
_d21198